00605akm a2200217a 44500008003900000017001700039041000800056080001700064110003600081245001800117245003300135245003600168245001400204260001600218260007900234260000900313300000800322520000700330650001700337710003300354960122s1990 cat aB-13150-1990 acat a629.326(038) aParets del Vallès. Ajuntament aEl ciclomotor cCasal de Cultura Can Butjosa cParets del Vallès. Ajuntament h[cartell] a[Barcelona] bGeneralitat de Catalunya. Direcció General de Política Lingüística c1990 bil. a33 amotocicletes aCasal de Cultura Can Butjosa